Cầu bê tông cốt thép trên đường ô tô

محفوظ في:
التفاصيل البيبلوغرافية
المؤلف الرئيسي: Lê, Đình Tâm
التنسيق: كتاب
اللغة:Undetermined
منشور في: Hà Nội Xây dựng 2005
الموضوعات:
الوسوم: إضافة وسم
لا توجد وسوم, كن أول من يضع وسما على هذه التسجيلة!
Thư viện lưu trữ: Trung tâm Học liệu Trường Đại học Cần Thơ
LEADER 00543nam a2200193Ia 4500
001 CTU_95551
008 210402s9999 xx 000 0 und d
020 |c 68000 
082 |a 624.257 
082 |b T120/T.1 
100 |a Lê, Đình Tâm 
245 0 |a Cầu bê tông cốt thép trên đường ô tô 
245 0 |c Lê Đình Tâm 
260 |a Hà Nội 
260 |b Xây dựng 
260 |c 2005 
650 |a Bridges 
904 |i Vương,Hải 
980 |a Trung tâm Học liệu Trường Đại học Cần Thơ